Southville International School and Colleges
Your cart is empty.
  • Cart
  • Lists
    Public lists list_1 View all
    Your lists Log in to create your own lists
  • Log in to your account
  • Your cookies
  • Search history
Southville International School and Colleges
  • Advanced search
  • Recent comments
  • Most popular
  • Libraries

Log in to your account

Log in with GOOGLE


If you do not have an external account, but do have a local account, you can still log in:

  1. Home
  2. MARC view: The mouse and Rat Family, the Dormouse Family and the Gundi Family /
Normal view MARC view ISBD view

The mouse and Rat Family, the Dormouse Family and the Gundi Family / (Record no. 355440)

[ view plain ]
MARC details
000 -LEADER
fixed length control field 00550nam a2200205Ia 4500
008 - FIXED-LENGTH DATA ELEMENTS--GENERAL INFORMATION
fixed length control field 180207s9999 xx 000 0 und d
020 ## - INTERNATIONAL STANDARD BOOK NUMBER
International Standard Book Number 17580994
050 ## - LIBRARY OF CONGRESS CALL NUMBER
Item number M877 2009
100 ## - MAIN ENTRY--PERSONAL NAME
Personal name Morris, Pat
245 #4 - TITLE STATEMENT
Title The mouse and Rat Family, the Dormouse Family and the Gundi Family /
245 ## - TITLE STATEMENT
Statement of responsibility, etc Pat Morris and Amy-Jane Beer.
260 ## - PUBLICATION, DISTRIBUTION, ETC. (IMPRINT)
Place of publication, distribution, etc London :
260 ## - PUBLICATION, DISTRIBUTION, ETC. (IMPRINT)
Name of publisher, distributor, etc Simply Home Entertainment,
260 ## - PUBLICATION, DISTRIBUTION, ETC. (IMPRINT)
Date of publication, distribution, etc 2009
300 ## - PHYSICAL DESCRIPTION
Extent 63 pages :
300 ## - PHYSICAL DESCRIPTION
Other physical details color illustration ;
300 ## - PHYSICAL DESCRIPTION
Dimensions 28cm.
440 ## - SERIES STATEMENT/ADDED ENTRY--TITLE
Title Ultimate wildlife ;
440 ## - SERIES STATEMENT/ADDED ENTRY--TITLE
Volume number/sequential designation 13
Holdings
Withdrawn status Lost status Damaged status Home library Current library Date acquired Total Checkouts Full call number Barcode Date last seen Price effective from Koha item type
      Stonyhurst Southville International School (Malarayat) Stonyhurst Southville International School (Malarayat) 02/07/2018   ER M877 2009 SSISM4985 02/07/2018 02/07/2018 Books

The mouse and Rat Family, the Dormouse Family and the Gundi Family /

APA

Morris P., .The mouse and Rat Family, the Dormouse Family and the Gundi Family. London: .

Chicago

Morris Pat, .The mouse and Rat Family, the Dormouse Family and the Gundi Family. London: .

Harvard

Morris P., .The mouse and Rat Family, the Dormouse Family and the Gundi Family. London: .

MLA

Morris Pat, .London: . .

  • Place hold
  • Print
  • Cite
  • Add to your cart (remove)
  • Save record
    BIBTEX Dublin Core MARCXML MARC (non-Unicode/MARC-8) MARC (Unicode/UTF-8) MARC (Unicode/UTF-8, Standard) MODS (XML) RIS
  • More searches
    Search for this title in:
    Other Libraries (WorldCat) Other Databases (Google Scholar) Online Stores (Bookfinder.com) Open Library (openlibrary.org)

Exporting to Dublin Core...

SOUTHVILLE LIBRARY

Southville International School and Colleges Library

1281 Tropical Ave. Cor. Luxembourg St., BF Homes International, Las Pinas City

Tel. No. 8256374 / 252358 Loc. 117/146

Powered by Koha